LEADER 00935cam0 2200265 450 001 E600200059303 005 20210315104615.0 100 $a20100202d1974 |||||ita|0103 ba 101 $aita 102 $aIT 200 1 $a<>"scienza della logica" di Hegel e appunti introduttivi$eAppunti del corso di Filosofia teoretica 1973$f74 210 $aMilano$cCeluc$d1974 215 $a208 p.$d21 cm 225 2 $aDispense$v34 410 1$1001LAEC00028083$12001 $a*Dispense$v34 700 1$aVanni Rovighi$b, Sofia$3A600200031633$4070$0155152 801 0$aIT$bUNISOB$c20210315$gRICA 850 $aUNISOB 852 $aUNISOB$j100$m71438 912 $aE600200059303 940 $aM 102 Monografia moderna SBN 941 $aM 957 $a100$b007927$gSi$d71438$racquisto$1pregresso2$2UNISOB$3UNISOB$420100202104305.0$520210315104551.0$6Alfano 996 $a"Scienza della Logica" di Hegel e appunti introduttivi$9478479 997 $aUNISOB LEADER 00726nam a2200217 i 4500 001 991003075729707536 005 20020503183116.0 008 990329s1982 it ||| | ita 035 $ab10454494-39ule_inst 035 $aEXGIL114692$9ExL 040 $aBiblioteca Interfacoltà$bita 100 1 $aDe Roberto, Federico$0152225 245 12$aL'imperio 260 $aMilano :$bA.Mondadori,$c1982 300 $a244 p. ;$c19 cm. 907 $a.b10454494$b02-04-14$c27-06-02 912 $a991003075729707536 945 $aLE002 Fondo Giudici M 578$g1$iLE002G-578$lle002$o-$pE0.00$q-$rn$so $t0$u0$v0$w0$x0$y.i10526699$z27-06-02 996 $aImperio$9131101 997 $aUNISALENTO 998 $ale002$b01-01-99$cm$da $e-$fita$git $h2$i1